000 00634nam a2200229Ia 4500
003 OSt
005 20220923225603.0
006 a|||||r|||| 00| 0
007 ta
008 220922b |||||||| |||| 00| 0 rus d
024 _a271,952
037 _cTextual
040 _aARTS
_cARTS
_brus
041 _2rus
_arus
082 _aO142,2M60,1, 153K5
100 _aਚੈ॥ੋਵ, ਏ
_9168733
245 0 _aFਾਹਦਾਣੇ ਦਾ ਬ ਗੀਚਾ
260 _c1965
650 _aਰਾFੀਅਨ ਸਾਹਿਤ
942 _hO142,2M60,1, 153K5
_cTEXL
_2CC
999 _c379298
_d379298